| 000 | 00425nam a2200157Ia 4500 | ||
|---|---|---|---|
| 008 | 230312s9999||||xx |||||||||||||| ||und|| | ||
| 020 | _a0\596-00654-3 | ||
| 082 |
_a005.117 _bMIL-A |
||
| 100 | _aRuss Miles | ||
| 245 | 0 | _aAspectj Cookbook | |
| 260 |
_bRepkover _aUSA _c2005 |
||
| 300 | _a331 | ||
| 546 | _aEng. | ||
| 650 |
_aComputer _vGettingstarted with Aspectj,Definning advice,Deploying Aspectj applications |
||
| 942 | _cBK | ||
| 999 |
_c3289 _d3289 |
||